000 00362nam a2200145Ia 4500
008 210210b2004 xxu||||| |||| 00| 0 eng d
020 _a81 7288 191 6
082 _a657.45 SHAA
100 _aSHARMA (T R).
245 _aAuditing: principles and problems.
260 _aAgra
_bSahitya Bhavan
_c2004
300 _aiv,390
690 _aAuditing
906 _a059866
999 _c106647
_d106647